[Event "NOVATO"]
[Site "http://www.queenalice.com/game.php?id=435188"]
[Date "2008.7.18"]
[Round "-"]
[White "Gund71"]
[Black "ciceroeduardo"]
[Result "0-1"]
[WhiteElo "1683"]
[BlackElo "1541"]

1. e4 e5 2. Nf3 Nc6 3. Bb5 a6 4. Ba4 b5 5. Bb3 Nf6 6. Nc3 Be7 7. O-O O-O 8. d3
d6 9. h3 Be6 10. Bd5 Qd7 11. Ng5 b4 12. Ne2 Bxd5 13. exd5 Nxd5 14. c4 Nf6 15.
Ng3 a5 16. Re1 Nd4 17. Be3 Nf5 18. N3e4 c5 19. Qf3 d5 20. Bxc5 dxe4 21. dxe4 Nh4
22. Qd1 Bxc5 23. Qxd7 Nxd7 24. Rad1 Nf6 25. g3 Ng6 26. h4 Ne7 27. Kg2 h6 28. Nf3
Ng4 29. Kh3 Nxf2+ 30. Kg2 Nxd1 31. Rxd1 f6 32. Rd7 a4 33. g4 b3 34. axb3 axb3
35. h5 Ra4 36. Rc7 Bd4 37. Rxe7 Bxb2 38. Rb7 Rxc4 39. Rxb3 Bc1 40. Nh4 Rxe4 41.
Kg3 Re3+ 42. Rxe3 Bxe3 43. Kf3 Bg5 44. Ng6 Ra8 45. Ne7+ Kf7 46. Nf5 Ra4 47. Nd6+
Ke6 48. Ne4 Ra3+ 49. Ke2 Re3+ 50. Kf2 Rxe4 51. Kf3 f5 52. gxf5+ Kxf5 53. Kg3
Re3+ 54. Kf2 Kf4 55. Kf1 Kg3 56. Kg1 Re1# 0-1

[Event "Invitation"]
[Site "http://www.queenalice.com/game.php?id=436373"]
[Date "2008.7.20"]
[Round "-"]
[White "claudia_gund"]
[Black "Gund71"]
[Result "0-1"]
[WhiteElo "1371"]
[BlackElo "1500"]

1. Nf3 e5 2. d4 d6 3. Nc3 Nc6 4. h4 Bf5 5. e3 Nb4 6. dxe5 Nxc2+ 7. Kd2 Nxa1 8.
Ke1 Bc2 9. Qd4 c5 10. Qg4 Nh6 11. Qh5 g6 12. Qg5 Qxg5 13. Nxg5 O-O-O 14. Nxf7
Nxf7 15. Bb5 Nxe5 16. e4 Nd3+ 17. Kd2 Bh6+ 18. Ke2 Nxc1+ 19. Kf3 Rdf8+ 20. Kg3
Bf4+ 21. Kg4 h5+ 22. Kh3 a6 23. Be2 Nxe2 24. b3 Nxc3 25. a4 Nxe4 26. g3 Nxf2+
27. Kg2 Be3 28. Rxa1 Be4+ 29. Kg1 Rf5 30. Kf1 Rhf8 31. Re1 Nd3+ 32. Ke2 Nxe1 33.
Kxe1 Bf2+ 34. Kd2 Rf3 35. Kd1 Rxg3 36. Kc1 Rff3 37. Kb2 Rxb3+ 38. Ka2 Bb1+ 39.
Ka1 Bd4# 0-1

[Event "AUTO-OPEN-1208"]
[Site "http://www.queenalice.com/game.php?id=438968"]
[Date "2008.7.25"]
[Round "1"]
[White "Dyggo"]
[Black "Gund71"]
[Result "1-0"]
[WhiteElo "1810"]
[BlackElo "1574"]

1. e4 e5 2. Nf3 Nc6 3. Bb5 a6 4. Ba4 b5 5. Bb3 Nf6 6. O-O Bc5 7. c3 Nxe4 8. d4
Bb6 9. dxe5 O-O 10. Nbd2 Re8 11. Nxe4 d5 12. Bxd5 Be6 13. Bxc6 Qxd1 14. Rxd1
Rac8 15. Bxe8 Rxe8 16. Bg5 h6 17. Bh4 Bf5 18. Ng3 Bc2 19. Rd2 Be4 20. Nxe4 c5
21. Rad1 Kh7 22. Rd7 c4 23. Rxf7 Rg8 24. Rdd7 Kg6 25. Rxg7+ Rxg7 26. Rd6+ Kf5
27. Ng3+ Kf4 28. Rf6+ Kg4 29. h3# 1-0

[Event "AUTO-OPEN-1208"]
[Site "http://www.queenalice.com/game.php?id=438969"]
[Date "2008.7.25"]
[Round "1"]
[White "Gund71"]
[Black "Dyggo"]
[Result "0-1"]
[WhiteElo "1547"]
[BlackElo "1817"]

1. e4 c5 2. Nf3 Nc6 3. Bc4 Nf6 4. Nc3 g6 5. O-O Bg7 6. d3 d6 7. Re1 Bg4 8. h3
Bxf3 9. Qxf3 Nd4 10. Qd1 O-O 11. g4 Qd7 12. Nd5 h5 13. Nxf6+ Bxf6 14. c3 Nc6 15.
Bh6 Rfe8 16. g5 Bh8 17. Qf3 Ne5 18. Bxf7+ Nxf7 19. e5 Nxe5 20. Qe4 Qxh3 21. Qxb7
Nf3+ 22. Qxf3 Qxf3 23. Re3 Qf5 24. Kg2 Be5 25. Rf3 Qg4+ 26. Kf1 Qxf3 27. Re1 Bg3
28. Re2 Qh1# 0-1

[Event "AUTO-OPEN-1208"]
[Site "http://www.queenalice.com/game.php?id=438994"]
[Date "2008.7.25"]
[Round "1"]
[White "Sankara"]
[Black "Gund71"]
[Result "0-1"]
[WhiteElo "1330"]
[BlackElo "1636"]

1. e4 e5 2. Nc3 d6 3. Bb5+ Bd7 4. a4 c6 5. Bc4 Be6 6. b3 Nf6 7. d4 Qa5 8. Bb2
Be7 9. Nf3 O-O 10. d5 Nxe4 11. O-O cxd5 12. Bd3 Nxc3 13. Qd2 d4 0-1

[Event "AUTO-OPEN-1208"]
[Site "http://www.queenalice.com/game.php?id=438995"]
[Date "2008.7.25"]
[Round "1"]
[White "Gund71"]
[Black "Sankara"]
[Result "1-0"]
[WhiteElo "1667"]
[BlackElo "1330"]

1. e4 e5 2. Nf3 Bc5 3. Qe2 Nc6 4. Nc3 Nf6 5. d3 Nd4 6. Nxd4 Bxd4 7. Nb5 O-O 8.
g3 Bc5 9. Bh3 g5 10. O-O d6 11. Bg2 Ng4 12. h3 Nh6 13. Qh5 Kg7 14. Bxg5 1-0

[Event "AUTO-OPEN-1208"]
[Site "http://www.queenalice.com/game.php?id=439010"]
[Date "2008.7.25"]
[Round "1"]
[White "tury01"]
[Black "Gund71"]
[Result "0-1"]
[WhiteElo "1681"]
[BlackElo "1590"]

1. e4 e5 2. Nf3 Nc6 3. Bc4 Qe7 4. O-O Nf6 5. d4 d6 6. Nc3 Bg4 7. d5 Nd4 8. Be2
c5 9. dxc6 bxc6 10. Nxd4 exd4 11. Bxg4 dxc3 12. bxc3 Qxe4 13. Re1 d5 14. Bg5 Be7
15. Bxf6 gxf6 16. Rxe4 dxe4 17. Qd7+ Kf8 18. Qxc6 Rd8 19. Qc4 Rg8 20. Qxe4 Bd6
21. Re1 Kg7 22. Qb7 Rde8 23. Rxe8 Rxe8 24. Kf1 Bxh2 25. g3 a5 26. Qg2 Bxg3 27.
Qxg3 Kg6 28. Bd7+ Kh5 29. Bxe8 f5 30. Qg7 Kh4 0-1

[Event "AUTO-OPEN-1208"]
[Site "http://www.queenalice.com/game.php?id=439011"]
[Date "2008.7.25"]
[Round "1"]
[White "Gund71"]
[Black "tury01"]
[Result "1-0"]
[WhiteElo "1528"]
[BlackElo "1681"]

1. e4 e5 2. Nf3 Nc6 3. Bb5 a6 4. Ba4 Nf6 5. Nc3 d6 6. O-O Bd7 7. Re1 Be7 8. d3
b5 9. Bb3 Na5 10. h3 Nxb3 11. cxb3 O-O 12. d4 exd4 13. Nxd4 c5 14. Nf5 Bxf5 15.
exf5 d5 16. a4 b4 17. Ne2 Bd6 18. g3 Qc8 19. Bf4 Qc7 20. Qd2 Bxf4 21. Nxf4 Rfe8
22. Nxd5 Rxe1+ 23. Rxe1 Nxd5 24. Qxd5 Rd8 25. Qe4 Qd7 26. Qe5 Qc6 27. Qe7 Rf8
28. Rd1 Qc8 29. Qg5 f6 30. Qf4 1-0

[Event "Challenge"]
[Site "http://www.queenalice.com/game.php?id=447622"]
[Date "2008.8.12"]
[Round "-"]
[White "marcosbratz"]
[Black "Gund71"]
[Result "1-0"]
[WhiteElo "1588"]
[BlackElo "1639"]

1. e4 e5 2. Nf3 Nc6 3. Bb5 a6 4. Ba4 b5 5. Bb3 Bc5 6. c3 Nf6 7. O-O O-O 8. d4
Bd6 9. d5 Na5 10. Bc2 c5 11. Re1 h6 12. Nbd2 Re8 13. Nf1 c4 14. b4 Nb7 15. a4
Qb6 16. a5 Qa7 17. h3 Nc5 18. bxc5 Bxc5 19. Be3 Bxe3 20. Rxe3 d6 21. N1h2 Nh5
22. Nh4 Nf4 23. Nf5 g6 24. Nxd6 Rf8 25. Nxc8 Raxc8 26. Ng4 f6 27. Nxh6+ Kg7 28.
Ng4 g5 29. Kh2 Rh8 30. Rf3 Nh5 31. Rf5 Qc5 32. Nxf6 Nxf6 33. Rxg5+ Kf8 34. Rxe5
Re8 35. Rxe8+ Kxe8 36. Qf3 Qd6+ 37. Kg1 Qe5 38. Re1 Rh4 39. Qg3 Qh5 40. Bd1 Qh6
41. e5 Nxd5 42. e6 Ke7 43. Bg4 Nf6 44. Qc7+ Ke8 45. Qc6+ Ke7 46. Qc7+ Ke8 47.
Qf7+ Kd8 48. e7+ Kc7 49. e8=Q+ Nd7 50. Qfxd7# 1-0

[Event "Challenge"]
[Site "http://www.queenalice.com/game.php?id=456888"]
[Date "2008.9.1"]
[Round "-"]
[White "RicardoFialho"]
[Black "Gund71"]
[Result "1-0"]
[WhiteElo "2002"]
[BlackElo "1577"]

1. e4 e5 2. Nf3 Nc6 3. Nc3 Bc5 4. a3 Nf6 5. h3 O-O 6. Bc4 a6 7. d3 h6 8. O-O d6
9. Re1 Be6 10. Ba2 Nd4 11. Nxd4 Bxd4 12. Be3 Bxe3 13. Rxe3 c5 14. Rg3 g5 15. Qd2
Nh5 16. Rf3 Nf4 17. Bxe6 Nxe6 18. Nd5 f6 19. g4 Nd4 20. Re3 Rc8 21. b3 b5 22.
Rb1 a5 23. c3 Ne6 24. c4 Nd4 25. cxb5 Rb8 26. a4 f5 27. exf5 Nxf5 28. gxf5 Rxf5
29. Qe2 Qf8 30. f3 Qf7 31. Nc3 d5 32. Kg2 Re8 33. Na2 d4 34. Re4 h5 35. Nc1 Rf4
36. Rxf4 Qxf4 37. Na2 h4 38. Rg1 Kf7 39. Kh1 Ke6 40. Qg2 Rf8 41. Qg4+ Rf5 42.
Qxf4 exf4 43. Re1+ Kf6 44. b6 Kg6 45. Re6+ Kh5 46. Re8 Rf7 47. Re5 Rb7 48. Re6
Rb8 49. Nc1 Rb7 50. Rc6 Rb8 51. Ne2 g4 52. hxg4+ Kg5 53. Rxc5+ Kg6 54. Rb5 1-0